Introduction to Corporate Finance
Na minha lista:
| Autor principal: | |
|---|---|
| Formato: | Livro |
| Idioma: | inglês |
| Publicado em: |
New York
MacGraw-Hill
1988
|
| Edição: | 1. ed. |
| Assuntos: | |
| Tags: |
Sem tags, seja o primeiro a adicionar uma tag!
|
MARC
| LEADER | 00000nam a2200000 4500 | ||
|---|---|---|---|
| 001 | c002613 | ||
| 005 | 20221206134820.3 | ||
| 020 | |a 0-07-039934-4 | ||
| 041 | 0 | |a eng | |
| 044 | |a US | ||
| 245 | 1 | 0 | |a Introduction to Corporate Finance |c Terry S. Maness |
| 250 | |a 1. ed. | ||
| 264 | 1 | |a New York |b MacGraw-Hill |c 1988 | |
| 300 | |a 551 s. | ||
| 610 | 2 | 0 | |a financie podnikové |
| 610 | 2 | 0 | |a trh finančný |
| 610 | 2 | 0 | |a analýza finančná |
| 610 | 2 | 0 | |a plánovanie finančné |
| 610 | 2 | 0 | |a oceňovanie |
| 610 | 2 | 0 | |a investície |
| 610 | 2 | 0 | |a rozhodovanie |
| 610 | 2 | 0 | |a rozpočet podnikový |
| 610 | 2 | 0 | |a kapitál základný |
| 610 | 2 | 0 | |a riadenie podnikové |
| 100 | 1 | |a Maness, Terry S. | |